• 首页
  • 本馆介绍
  • 公告通知
  • 最新文献
  • 馆藏检索
  • 电子资源
  • 读者导购
  • 参考咨询
  • 我的图书馆
  • 登录
  • 详细信息显示
  • 放入我的书架
  • 预约/预借图书
  • 作者相关作品
  • 分类相关作品
  • 丛书相关作品
  • 出版社相关作品

书目信息

  • 表格格式
  • 工作单格式
  • 卡片格式
题名:
民事司法解释理解与适用
    
 
作者: 沈德咏 主编 ;最高法院 编
分册:  
出版信息: 北京   法律出版社  2014.5
页数: 720页
开本: 21cm
丛书名: 最高人民法院司法解释解读系列
单 册:
中图分类: D923.05
科图分类:
主题词: 民法--Min Fa--法律解释--中国 , 法律解释--Fa Lv Jie Shi , 中国--Zhong Guo
电子资源:
ISBN: 978-7-5118-6371-3
000 01131nam0 22003011 450
001 350626
005 20161011151801.79
010    @a978-7-5118-6371-3@dCNY66.00
100    @a20140804d2014 em y0chiy50 ea
101 0  @achi
102    @aCN@b110000
105    @ay zn 000yy
106    @ar
200 1  @a民事司法解释理解与适用@AMin Shi Si Fa Jie Shi Li Jie Yu Shi Yong@f沈德咏主编@g最高人民法院研究室编
205    @a3版
210    @a北京@c法律出版社@d2014.5
215    @a720页@d21cm
225 2  @a最高人民法院司法解释解读系列@AZui Gao Ren Min Fa Yuan Si Fa Jie Shi Jie Du Xi Lie@v2
330    @a本书收录了最高人民法院发布的民事司法解释、司法解释性文件、司法工作规范性文件的正式文本。包括损失赔偿、物权法、劳动法、人事争议、婚姻、家庭与继承等法律法规。
461  0 @12001@@a最高人民法院司法解释解读系列
606 0  @a民法@AMin Fa@x法律解释@y中国
606 0  @a法律解释@AFa Lv Jie Shi
606 0  @a中国@AZhong Guo
690    @aD923.05@v5
701  0 @a沈德咏@AShen De Yong@f(1954~)@4主编
712 02 @a最高法院@AZui Gao Fa Yuan@b研究室@4编
801  0 @aCN@bTANGWEI@c20160805
905    @b0890975-9@dD923.05@e1419=3@f5
    
    民事司法解释理解与适用/沈德咏主编/最高人民法院研究室编.-3版.-北京:法律出版社,2014.5
    720页;21cm.-(最高人民法院司法解释解读系列;2)
    
    
    ISBN 978-7-5118-6371-3:CNY66.00
    本书收录了最高人民法院发布的民事司法解释、司法解释性文件、司法工作规范性文件的正式文本。包括损失赔偿、物权法、劳动法、人事争议、婚姻、家庭与继承等法律法规。
●
相关链接 在E读中查询图书 在五车中查询图书 在当当中查询图书 在豆瓣中查询图书


正题名:民事司法解释理解与适用     索取号:D923.05/1419=3         预约/预借

序号 登录号 条形码 馆藏地/架位号 状态 备注
1 0890975   208909751   第一样本阅览室/ [索取号:D923.05/1419=3] 在馆    
2 0890976   208909760   第一借阅区/ [索取号:D923.05/1419=3] 在馆    
3 0890977   208909779   第一借阅区/ [索取号:D923.05/1419=3] 在馆    
4 0890978   208909788   第一借阅区/ [索取号:D923.05/1419=3] 在馆    
5 0890979   208909797   密集书库-史法系/ [索取号:D923.05/1419=3] 在馆    
唐山师范学院图书馆 欢迎您!
大连网信软件有限公司© 版权所有